Catalog

Record Details

Catalog Search



Duchovní cesty islámu  Cover Image Book Book

Duchovní cesty islámu / Luboš Kropáček

Record details

  • ISBN: 978-80-7021-925-6
  • Physical Description: 292 s., [16] s. obr. příl. : il., faksim., 1 geneal. tabulka ; 21 cm
  • Edition: 5. vyd.
  • Publisher: Praha : Vyšehrad, 2011

Content descriptions

Bibliography, etc. Note:
Obsahuje bibliografii, bibliografické odkazy a rejstříky
Subject: dějiny islámu
učení islámu > dějiny
islámské právo
islámská etika
islámská mystika
islámská civilizace > dějiny
history of Islam
Islamic doctrine > history
Islamic law
Islamic ethics
Islamic mysticism
Islamic civilization > history
islámské země > reálie
Islamic countries > history and geography
Genre: přehledy
surveys

Available copies

  • 1 of 1 copy available at Common Catalog SPOK.

Holds

  • 0 current holds with 1 total copy.
Show Only Available Copies
Location Call Number / Copy Notes Barcode Shelving Location Status Due Date
ETS Library 297 424470018348 Volný výběr Available -

LDR 02037nam a2200577 a 4500
00148150
003CZ-PrJAB
00520190107235010.0
007ta
008110223s2011 xr afhje 001 0dcze
015 . ‡acnb002168277
020 . ‡a978-80-7021-925-6 ‡q(váz.) : ‡cKč 348,00
035 . ‡a(CZ PrNK)nkc20112168277
035 . ‡a(OCoLC)724297598
040 . ‡aOLA001 ‡bcze ‡dABA001
043 . ‡aa------ ‡af------
072 7. ‡a28 ‡xIslám ‡2Konspekt ‡95
080 . ‡a28(091) ‡2MRF
080 . ‡a28-1/-9 ‡2MRF
080 . ‡a28-74 ‡2MRF
080 . ‡a28-42 ‡2MRF
080 . ‡a28-587 ‡2MRF
080 . ‡a316.722:28 ‡2MRF
080 . ‡a908(5-15) ‡2MRF
080 . ‡a908(6-17) ‡2MRF
080 . ‡a(048.8) ‡2MRF
08214. ‡a297
1001 . ‡aKropáček, Luboš, ‡d1939- ‡7jk01063435 ‡4aut
24510. ‡aDuchovní cesty islámu / ‡cLuboš Kropáček
250 . ‡a5. vyd.
260 . ‡aPraha : ‡bVyšehrad, ‡c2011
300 . ‡a292 s., [16] s. obr. příl. : ‡bil., faksim., 1 geneal. tabulka ; ‡c21 cm
504 . ‡aObsahuje bibliografii, bibliografické odkazy a rejstříky
65007. ‡adějiny islámu ‡7ph508974 ‡2czenas
65007. ‡aučení islámu ‡7ph164204 ‡xdějiny ‡2czenas
65007. ‡aislámské právo ‡7ph121220 ‡2czenas
65007. ‡aislámská etika ‡7ph323745 ‡2czenas
65007. ‡aislámská mystika ‡7ph121216 ‡2czenas
65007. ‡aislámská civilizace ‡7ph121212 ‡xdějiny ‡2czenas
65009. ‡ahistory of Islam ‡2eczenas
65009. ‡aIslamic doctrine ‡xhistory ‡2eczenas
65009. ‡aIslamic law ‡2eczenas
65009. ‡aIslamic ethics ‡2eczenas
65009. ‡aIslamic mysticism ‡2eczenas
65009. ‡aIslamic civilization ‡xhistory ‡2eczenas
651 7. ‡aislámské země ‡7ge134612 ‡xreálie ‡2czenas
651 9. ‡aIslamic countries ‡xhistory and geography ‡2eczenas
655 7. ‡apřehledy ‡7fd133202 ‡2czenas
655 9. ‡asurveys ‡2eczenas
910 . ‡aABG450
995 . ‡aska
901 . ‡a48150 ‡bCZ PrNK ‡c48150 ‡tbiblio

Additional Resources